000248203 001__ 248203
000248203 005__ 20231010195319.0
000248203 022__ $$a2348-795X
000248203 022__ $$a2348-6848$$l2348-6848
000248203 022__ $$a2348-795X$$l2348-6848
000248203 0247_ $$2ZDBID$$aPERI:(DE-600)2786008-5
000248203 0247_ $$2ZDBPPN$$aZDPPN:1058604082
000248203 0247_ $$2EZBID$$aPERI:(DE-606)219734
000248203 0247_ $$2OCLC$$aOCLC:1368694515
000248203 0247_ $$2NCBISequence$$aNCBISequence:9918300874206676
000248203 035__ $$aPERI:(DE-600)2786008-5
000248203 040__ $$a0355$$bger$$cDE-101$$dJOIN²$$eJOIN² journal identification
000248203 041__ $$aeng
000248203 044__ $$cXB-IN
000248203 082__ $$223sdnb$$a500$$qDE-600
000248203 08274 $$223sdnb$$a500$$qDE-600
000248203 24220 $$2DE-600$$aInternational Journal of Research$$bIJR$$yen
000248203 24220 $$2DE-600$$aInternational Journal of Research$$bIJR
000248203 245__ $$2DE-600$$aInternational Journal of Research$$bIJR$$hprint, online
000248203 2463_ $$2DE-600$$aInternational Journal of Research
000248203 2463_ $$aInternational Journal of Research
000248203 2463_ $$aIJR
000248203 260__ $$aNew Delhi$$b[Verlag nicht ermittelbar]$$c2014-
000248203 26431 $$aNew Delhi$$b[Verlag nicht ermittelbar]$$c2014-
000248203 3620_ $$2DE-600$$a1.2014 -
000248203 36301 $$2DE-600$$81.1\x$$i2014
000248203 380__ $$2marcgt$$ajournal
000248203 500__ $$aAutomatically generated record. (Updated: 2023-09-04)
000248203 65310 $$2EZB-Subject$$aAllgemeine und fachübergreifende Zeitschriften
000248203 65310 $$2EZB-Keyword$$aFachübergreifende Zeitschrift
000248203 77608 $$2DE-600$$iErscheint auch als$$nDruck-Ausgabe$$tInternational Journal of Research$$x2348-795X
000248203 8564_ $$d0$$uhttp://ezb.uni-regensburg.de/2786008$$yEZB
000248203 8564_ $$d0$$uhttp://internationaljournalofresearch.com$$yVerlag = kostenfrei
000248203 85672 $$2RSS$$uhttps://internationaljournalofresearch.com/comments/feed/$$yCurrent Articles / Preprints
000248203 8801_ $$2DE-600$$aInternational Journal of Research$$bIJR
000248203 909CO $$ooai:juser.fz-juelich.de:913555$$pauthority$$pauthority:PERI
000248203 909CO $$ooai:juser.fz-juelich.de:913555
000248203 915__ $$0StatID:(DE-HGF)0310$$2StatID$$aDBCoverage$$bNCBI Molecular Biology Database$$d2023-09-04
000248203 980__ $$aPERI
000248203 980__ $$aAUTHORITY